Sports Quiz

Random Sports Quiz

Martin Brodeur Bio Quiz Stats

 Plays Quiz not verified by Sporcle

Score 0/12 Timer 10:00
0 Plays Today
Bio Answer % Correct
NHL TeamNew Jersey Devils
86.2%
Draft Year1990
82.8%
PositionGoalie
79.3%
Date of birth-MM/DD/YYYY5
72.4%
Height-ft6
67.2%
Overall Pick20
63.8%
Hometown-Canadian ProvidenceQuebec
55.2%
Stanley Cups3
37.9%
Height-in2
29.3%
Weight-Lbs215
25.9%
Regular season wins604
13.8%
Minutes Played-Career63521
3.4%

You're not logged in!

Compare scores with friends on all Sporcle quizzes.
OR
Log In

Show Comments

Extras

Top Quizzes Today


Score Distribution

Your Account Isn't Verified!

In order to create a playlist on Sporcle, you need to verify the email address you used during registration. Go to your Sporcle Settings to finish the process.

Report this User

Report this user for behavior that violates our Community Guidelines.

Details: